[Event "2. Bundesliga Ost 2019/2020"]
[Site "alle Wien"]
[Date "2019.10.19"]
[Round "1"]
[Board "2"]
[White "Bachofner, Andreas"]
[Black "Lipka, Juraj"]
[Result "0-1"]
[WhiteElo "2213"]
[BlackElo "2405"]
[PlyCount "96"]
[EventDate "2019.10.19"]
[EventType "team"]
[EventRounds "11"]
[EventCountry "AUT"]
[WhiteTeam "Amateure"]
[BlackTeam "ASVOE Pamhagen"]

1. e4 d5 2. exd5 Qxd5 3. Nc3 Qd6 4. d4 Nf6 5. Bg5 c6 6. Qd2 Bf5 7. Bf4 Qd8 8.
Bd3 Bxd3 9. Qxd3 e6 10. Nf3 Bb4 11. O-O O-O 12. Ne4 Nbd7 13. a3 Be7 14. c4 a5
15. Rfe1 Nxe4 16. Qxe4 Nf6 17. Qc2 Qb6 18. Rad1 Rfd8 19. h3 Rac8 20. Rd3 h6 21.
g4 Qa7 22. a4 b5 23. b3 bxa4 24. bxa4 c5 25. Be3 Qa8 26. Ne5 cxd4 27. Bxd4 Nd5
28. Qb2 Rb8 29. Qa1 Nb4 30. Rd2 Bf6 31. Qc3 Rbc8 32. Qe3 Rxd4 33. Qxd4 Nc6 34.
Nxc6 Bxd4 35. Ne7+ Kh7 36. Rxd4 Rc7 37. Nd5 exd5 38. cxd5 Qc8 39. d6 Rc1 40.
Rxc1 Qxc1+ 41. Kg2 Qc3 42. Rd1 Qc6+ 43. Kf1 Qxa4 44. Ke2 Qd7 45. Rd3 a4 46. Kd2
Kg6 47. f4 f5 48. Ke3 Kf6  0-1

[Event "2. Bundesliga Ost 2019/2020"]
[Site "alle Wien"]
[Date "2019.10.19"]
[Round "1"]
[Board "3"]
[White "Vitouch, Anatol"]
[Black "Kuntner, Reinhard"]
[Result "0-1"]
[WhiteElo "2286"]
[BlackElo "2049"]
[PlyCount "98"]
[EventDate "2019.10.19"]
[EventType "team"]
[EventRounds "11"]
[EventCountry "AUT"]
[WhiteTeam "ASVOE Pamhagen"]
[BlackTeam "Amateure"]

1. d4 d5 2. c4 e6 3. Nc3 Nf6 4. cxd5 exd5 5. Bg5 c6 6. e3 Be7 7. Bd3 Bg4 8. Qc2
h6 9. Bh4 O-O 10. h3 Be6 11. Nge2 a5 12. O-O Na6 13. a3 Nc7 14. Na4 Nh5 15.
Bxe7 Qxe7 16. Nc5 Bc8 17. Bh7+ Kh8 18. Bf5 Ne6 19. Bxe6 Bxe6 20. Rae1 b6 21.
Na4 Qb7 22. Rc1 Rfc8 23. g4 Nf6 24. f3 Rab8 25. b4 axb4 26. axb4 Qe7 27. Qd2
Ne8 28. Nf4 Bd7 29. Nb2 Nd6 30. Nfd3 f6 31. Nf4 Kg8 32. Rfe1 Nf7 33. b5 Ng5 34.
Kg2 cxb5 35. Nbd3 Rc4 36. Nxd5 Qd6 37. N3f4 Rbc8 38. h4 Ne6 39. Nxe6 Bxe6 40.
Nf4 Bf7 41. Ne2 b4 42. Rxc4 Bxc4 43. Rc1 b5 44. Ng3 Ra8 45. Ne4 Qe7 46. Qe1
Ra2+ 47. Kh3 Re2 48. Qd1 Rxe3 49. Nd2 Rd3  0-1

[Event "2. Bundesliga Ost 2019/2020"]
[Site "alle Wien"]
[Date "2019.10.19"]
[Round "1"]
[Board "4"]
[White "Zsifkovits, Peter"]
[Black "Alvir, Aco"]
[Result "0-1"]
[WhiteElo "2027"]
[BlackElo "2338"]
[PlyCount "94"]
[EventDate "2019.10.19"]
[EventType "team"]
[EventRounds "11"]
[EventCountry "AUT"]
[WhiteTeam "Amateure"]
[BlackTeam "ASVOE Pamhagen"]

1. e4 g6 2. d4 Bg7 3. Nf3 c5 4. dxc5 Qa5+ 5. Bd2 Qxc5 6. Bc3 Bxc3+ 7. Nxc3 Nf6
8. Bd3 d6 9. O-O O-O 10. Qd2 Bg4 11. Ng5 h6 12. e5 Qxe5 13. Nge4 Kg7 14. Nxf6
exf6 15. Rfe1 Qg5 16. f4 Qa5 17. Be4 Nc6 18. h3 Be6 19. Kh1 Rfd8 20. Rad1 Rac8
21. Bd5 Bxd5 22. Qxd5 Qxd5 23. Nxd5 f5 24. c4 Re8 25. b3 Kf8 26. Kg1 Re6 27.
Kf2 h5 28. Nc3 Rd8 29. Re3 Rxe3 30. Kxe3 Re8+ 31. Kf3 Re6 32. Nd5 h4 33. Nc7
Re4 34. Rxd6 Nd4+ 35. Kf2 Rxf4+ 36. Ke3 Re4+ 37. Kd3 Nc6 38. a4 Re1 39. Nd5
Rd1+ 40. Kc3 Rc1+ 41. Kd3 Rg1 42. c5 Rxg2 43. b4 Rg3+ 44. Kc4 Ne5+ 45. Kb5 Rxh3
46. a5 Ra3 47. Nf4 g5  0-1

[Event "2. Bundesliga Ost 2019/2020"]
[Site "alle Wien"]
[Date "2019.10.19"]
[Round "1"]
[Board "5"]
[White "Franzen, Jozef"]
[Black "Lipp, Alfred"]
[Result "1-0"]
[WhiteElo "2238"]
[BlackElo "2007"]
[PlyCount "73"]
[EventDate "2019.10.19"]
[EventType "team"]
[EventRounds "11"]
[EventCountry "AUT"]
[WhiteTeam "ASVOE Pamhagen"]
[BlackTeam "Amateure"]

1. e4 c5 2. Nf3 d6 3. c3 Nf6 4. Bd3 e6 5. Bc2 Be7 6. d4 Nbd7 7. O-O b5 8. Re1
Rb8 9. Nbd2 O-O 10. Nf1 Re8 11. Ng3 Nf8 12. h4 b4 13. c4 N6d7 14. h5 Nb6 15. b3
a5 16. Bf4 Ra8 17. Qe2 Ba6 18. dxc5 dxc5 19. h6 Ng6 20. Be3 Qc7 21. hxg7 Bf6
22. e5 Bxg7 23. Nh5 Nd5 24. Nxg7 Kxg7 25. Bg5 h6 26. Bd2 Rh8 27. Nh2 Rad8 28.
Qf3 Nc3 29. Qf6+ Kh7 30. Bxc3 bxc3 31. Re3 Bb7 32. Rxc3 Rd2 33. Bxg6+ fxg6 34.
Rg3 Be4 35. Ng4 h5 36. Qf4 Rhd8 37. Qh6+  1-0

[Event "2. Bundesliga Ost 2019/2020"]
[Site "alle Wien"]
[Date "2019.10.19"]
[Round "1"]
[Board "6"]
[White "Jirovec, Alfred"]
[Black "Kuthan, Andreas"]
[Result "0-1"]
[WhiteElo "2006"]
[BlackElo "2194"]
[PlyCount "140"]
[EventDate "2019.10.19"]
[EventType "team"]
[EventRounds "11"]
[EventCountry "AUT"]
[WhiteTeam "Amateure"]
[BlackTeam "ASVOE Pamhagen"]

1. Nf3 Nf6 2. c4 g6 3. Nc3 Bg7 4. g3 O-O 5. Bg2 d6 6. d4 Nbd7 7. O-O e5 8. dxe5
dxe5 9. Qc2 c6 10. Rd1 Qe7 11. Ng5 h6 12. Nge4 Ne8 13. Qd2 f5 14. Nd6 Nxd6 15.
Qxd6 Qxd6 16. Rxd6 Kf7 17. Na4 Re8 18. Be3 Nf6 19. Rc1 g5 20. f3 f4 21. Bf2 Bf5
22. g4 Bg6 23. Nc5 Bf8 24. Rdd1 Re7 25. h3 b6 26. Ne4 Nxe4 27. fxe4 Ree8 28.
Rd3 Rad8 29. Rcd1 Rxd3 30. Rxd3 Ke6 31. a3 Be7 32. Kf1 Bf7 33. a4 Bb4 34. b3
Re7 35. Bg1 Re8 36. Bf2 Re7 37. Bg1 Re8 38. Bf2 Rh8 39. Bf3 Ke7 40. Rd1 Be6 41.
Kg2 Rb8 42. e3 Bf7 43. exf4 exf4 44. Bd4 Ke6 45. e5 Be8 46. Bb2 Be7 47. Be4 Rd8
48. Bf5+ Kf7 49. e6+ Kf8 50. Rxd8 Bxd8 51. Be5 Be7 52. Kf3 b5 53. cxb5 cxb5 54.
a5 Bc6+ 55. Be4 Bxe4+ 56. Kxe4 a6 57. Bd4 Bb4 58. Kf5 Bxa5 59. Bc5+ Ke8 60. Bf2
Bd2 61. Ke4 Ke7 62. Bc5+ Kxe6 63. Bf8 a5 64. Bxh6 a4 65. bxa4 bxa4 66. Bf8 Bc1
67. Bb4 a3 68. h4 a2 69. Bc3 gxh4 70. Kf3 Kf7  0-1

[Event "2. Bundesliga Ost 2019/2020"]
[Site "alle Wien"]
[Date "2019.10.19"]
[Round "1"]
[Board "1"]
[White "Mikes, Jan"]
[Black "Loeffler, Stefan"]
[Result "1-0"]
[WhiteElo "2355"]
[BlackElo "2373"]
[PlyCount "100"]
[EventDate "2019.10.19"]
[EventType "team"]
[EventRounds "11"]
[EventCountry "AUT"]
[WhiteTeam "SG Mistelbach/Altlichtenwarth"]
[BlackTeam "ASVOE VHS Poechlarn"]

1. e4 c5 2. Nf3 Nc6 3. Nc3 d6 4. d4 cxd4 5. Nxd4 e5 6. Nf3 Nf6 7. Bc4 Be6 8.
Bxe6 fxe6 9. Qe2 Be7 10. O-O O-O 11. Rd1 Rc8 12. a4 Kh8 13. h3 Qe8 14. a5 a6
15. Be3 Qg6 16. Ra4 Nh5 17. Nd2 Nd4 18. Bxd4 exd4 19. Rxd4 Nf4 20. Qg4 Qh6 21.
Rc4 Rcd8 22. Ne2 Bh4 23. Ng3 Bxg3 24. fxg3 Ng6 25. Rc3 d5 26. Nf3 dxe4 27. Rxd8
Qc1+ 28. Kh2 Rxd8 29. Qxe4 Qxb2 30. Rb3 Qa2 31. Ng5 Re8 32. Rxb7 Qd5 33. Qxd5
exd5 34. Rb6 Ne5 35. Rxa6 Nc4 36. Nf7+ Kg8 37. Nd6 Rb8 38. Nxc4 dxc4 39. Rc6
Rb4 40. a6 Ra4 41. g4 Kf8 42. Kg3 Ke7 43. Rc7+ Kd6 44. Rxg7 Rxa6 45. Rxh7 Ra2
46. c3 Rc2 47. g5 Rxc3+ 48. Kg4 Ra3 49. g6 Ra8 50. Rf7 c3  1-0

[Event "2. Bundesliga Ost 2019/2020"]
[Site "alle Wien"]
[Date "2019.10.19"]
[Round "1"]
[Board "2"]
[White "Ganaus, Hannes"]
[Black "Bures, Jaroslav"]
[Result "1/2-1/2"]
[WhiteElo "2196"]
[BlackElo "2388"]
[PlyCount "82"]
[EventDate "2019.10.19"]
[EventType "team"]
[EventRounds "11"]
[EventCountry "AUT"]
[WhiteTeam "ASVOE VHS Poechlarn"]
[BlackTeam "SG Mistelbach/Altlichtenwarth"]

1. d4 Nf6 2. c4 g6 3. Nc3 d5 4. Nf3 Bg7 5. h4 O-O 6. h5 c5 7. hxg6 hxg6 8. cxd5
Nxd5 9. Bh6 Bxh6 10. Rxh6 Nxc3 11. bxc3 cxd4 12. Qxd4 Qxd4 13. cxd4 Nc6 14. e3
Bg4 15. Rh4 Bxf3 16. gxf3 Nb4 17. Kd1 Rac8 18. a3 Nd5 19. Kd2 Nb6 20. Re4 e6
21. Re5 Nc4+ 22. Bxc4 Rxc4 23. Rb5 Rb8 24. a4 Kf8 25. a5 Rc6 26. Rab1 b6 27. e4
Ke7 28. Ke3 Rd8 29. axb6 axb6 30. R1b4 Rb8 31. Kf4 Kf6 32. Kg4 Rb7 33. f4 Rb8
34. d5 exd5 35. Rxd5 Ke7 36. Rdb5 Kd7 37. f5 Kc7 38. Re5 gxf5+ 39. Rxf5 Rg8+
40. Kf4 f6 41. f3 Rg6  1/2-1/2

[Event "2. Bundesliga Ost 2019/2020"]
[Site "alle Wien"]
[Date "2019.10.19"]
[Round "1"]
[Board "4"]
[White "Ernst, Michael"]
[Black "Groetz, Harald"]
[Result "1/2-1/2"]
[WhiteElo "2169"]
[BlackElo "2312"]
[PlyCount "118"]
[EventDate "2019.10.19"]
[EventType "team"]
[EventRounds "11"]
[EventCountry "AUT"]
[WhiteTeam "ASVOE VHS Poechlarn"]
[BlackTeam "SG Mistelbach/Altlichtenwarth"]

1. d4 Nf6 2. Bf4 g6 3. Nf3 Bg7 4. h3 O-O 5. e3 d6 6. Be2 Nbd7 7. c4 Qe8 8. Nc3
e5 9. Bh2 Qe7 10. O-O Re8 11. c5 a6 12. Re1 e4 13. cxd6 cxd6 14. Nd2 d5 15. a4
b6 16. Qb3 Bb7 17. Qa3 Qe6 18. Qd6 Rac8 19. Rec1 Qxd6 20. Bxd6 Rc6 21. Ba3 Rec8
22. Kf1 Ne8 23. Ke1 f5 24. Na2 Rxc1+ 25. Rxc1 Rxc1+ 26. Nxc1 Kf7 27. Na2 Ke6
28. Nb3 Nd6 29. Nd2 Nb8 30. h4 Bc6 31. Nb4 Bxa4 32. Nxa6 Nxa6 33. Bxa6 Bb5 34.
Bxd6 Bxa6 35. Bc7 b5 36. b4 Bf8 37. Ba5 Be7 38. Nb3 Bc8 39. g3 Kd7 40. Nc5+ Kc6
41. Ke2 h6 42. Kd2 g5 43. hxg5 hxg5 44. Ke2 Bf6 45. Nb3 Be6 46. Nc5 Bc8 47. Nb3
Be6 48. Nc5 Bf7 49. Nb3 Bh5+ 50. Kd2 Bg4 51. Ke1 Be7 52. Kd2 Bh3 53. Ke2 Bg4+
54. Kd2 Bd6 55. Nc5 f4 56. Bd8 fxg3 57. fxg3 Bxg3 58. Bxg5 Bd6 59. Bf6 Bh3
 1/2-1/2

[Event "2. Bundesliga Ost 2019/2020"]
[Site "alle Wien"]
[Date "2019.10.19"]
[Round "1"]
[Board "5"]
[White "Hofmann, Thomas"]
[Black "Batyte, Daiva"]
[Result "1-0"]
[WhiteElo "2228"]
[BlackElo "2145"]
[PlyCount "75"]
[EventDate "2019.10.19"]
[EventType "team"]
[EventRounds "11"]
[EventCountry "AUT"]
[WhiteTeam "SG Mistelbach/Altlichtenwarth"]
[BlackTeam "ASVOE VHS Poechlarn"]

1. d4 Nf6 2. c4 g6 3. Nc3 Bg7 4. e4 d6 5. Be2 O-O 6. Be3 e5 7. d5 Na6 8. g4 Nc5
9. f3 a5 10. Nh3 c6 11. Nf2 cxd5 12. cxd5 Bd7 13. Rc1 a4 14. O-O Qa5 15. Nd3
Nxd3 16. Qxd3 h5 17. h3 Nh7 18. Nb5 Bxb5 19. Qxb5 Qd8 20. Qb6 Qh4 21. Kg2 Rfd8
22. Rc7 Rab8 23. Bf2 Qg5 24. Rfc1 Bf6 25. h4 Qh6 26. g5 Bxg5 27. hxg5 Qxg5+ 28.
Kh2 h4 29. Qe3 Qf6 30. Qh6 Ng5 31. Qxh4 Kg7 32. Kg2 Rh8 33. Qg4 Nh3 34. Bg3
Nf4+ 35. Kf2 Rh5 36. Rc8 Rxc8 37. Rxc8 Rg5 38. Bh4  1-0

[Event "2. Bundesliga Ost 2019/2020"]
[Site "alle Wien"]
[Date "2019.10.19"]
[Round "1"]
[Board "6"]
[White "Schweitzer, Werner"]
[Black "Vrana, Frantisek"]
[Result "0-1"]
[WhiteElo "2035"]
[BlackElo "2254"]
[PlyCount "80"]
[EventDate "2019.10.19"]
[EventType "team"]
[EventRounds "11"]
[EventCountry "AUT"]
[WhiteTeam "ASVOE VHS Poechlarn"]
[BlackTeam "SG Mistelbach/Altlichtenwarth"]

1. e4 e6 2. d4 d5 3. Nd2 Nc6 4. Ngf3 Nf6 5. e5 Nd7 6. Nb3 a5 7. a4 Be7 8. Bb5
Ncb8 9. O-O b6 10. Be3 Ba6 11. c3 O-O 12. Qe2 c6 13. Bxa6 Nxa6 14. Qd2 c5 15.
Bg5 cxd4 16. Bxe7 Qxe7 17. cxd4 Rfc8 18. Rfc1 Rc4 19. Qe1 Nb4 20. Qd1 Rac8 21.
Rxc4 dxc4 22. Nbd2 c3 23. bxc3 Rxc3 24. Rc1 Nd5 25. Ne4 Qa3 26. Nxc3 Nxc3 27.
Rxc3 Qxc3 28. g3 Qc4 29. Ng5 h6 30. Ne4 Nxe5 31. dxe5 Qxe4 32. Qd8+ Kh7 33.
Qxb6 Qxa4 34. Qb1+ g6 35. f4 Qb4 36. Qd3 a4 37. Qd7 Kg7 38. Qd8 a3 39. Qf6+ Kg8
40. Qd8+ Kh7  0-1

[Event "2. Bundesliga Ost 2019/2020"]
[Site "alle Wien"]
[Date "2019.10.20"]
[Round "2"]
[Board "1"]
[White "Schroll, Gerhard"]
[Black "Loeffler, Stefan"]
[Result "0-1"]
[WhiteElo "2317"]
[BlackElo "2373"]
[PlyCount "90"]
[EventDate "2019.10.19"]
[EventType "team"]
[EventRounds "11"]
[EventCountry "AUT"]
[WhiteTeam "ASVOE Mattersburg"]
[BlackTeam "ASVOE VHS Poechlarn"]

1. e4 c5 2. c3 d5 3. exd5 Qxd5 4. d4 g6 5. Nf3 Bg7 6. Be3 cxd4 7. Na3 Nf6 8.
Bc4 Qa5 9. Nxd4 O-O 10. Be2 Nd5 11. Bd2 Qd8 12. O-O e5 13. Nb3 Nc6 14. Bc4 Bf5
15. Qc1 Nb6 16. Bh6 Qh4 17. Bxg7 Kxg7 18. Bb5 Nd5 19. g3 Qh5 20. Qd1 Bg4 21. f3
Be6 22. Qe2 Rad8 23. Rfe1 Nde7 24. Qf2 Qf5 25. Nc5 Bd5 26. Nxb7 Rb8 27. Nd6
Qxf3 28. Qxf3 Bxf3 29. Kf2 Bd5 30. b3 Rfd8 31. Ndc4 e4 32. Rad1 f5 33. Re2 Rxb5
34. Nxb5 Bxc4 35. Rxd8 Bxe2 36. Rd7 Bxb5 37. a4 Bd3 38. b4 a6 39. Rb7 Kf6 40.
b5 axb5 41. axb5 Na5 42. Ra7 Nc4 43. Ra6+ Ke5 44. b6 e3+ 45. Kg1 Kd6  0-1

[Event "2. Bundesliga Ost 2019/2020"]
[Site "alle Wien"]
[Date "2019.10.20"]
[Round "2"]
[Board "2"]
[White "Ganaus, Hannes"]
[Black "Wukits, Rene"]
[Result "0-1"]
[WhiteElo "2196"]
[BlackElo "2279"]
[PlyCount "50"]
[EventDate "2019.10.19"]
[EventType "team"]
[EventRounds "11"]
[EventCountry "AUT"]
[WhiteTeam "ASVOE VHS Poechlarn"]
[BlackTeam "ASVOE Mattersburg"]

1. d4 Nf6 2. c4 e5 3. dxe5 Ng4 4. Nf3 Nc6 5. e3 Ngxe5 6. Nxe5 Nxe5 7. Be2 Bc5
8. Nc3 O-O 9. O-O Re8 10. Na4 Bf8 11. b3 a5 12. c5 d6 13. Bb2 Qh4 14. Qd4 Qh6
15. Ba3 Bd7 16. f4 Ng4 17. Bxg4 Bxg4 18. cxd6 Rad8 19. f5 Rxd6 20. Qxg4 Qxe3+
21. Kh1 Rd4 22. Qh5 Bxa3 23. f6 Re5 24. Qf3 Qxf3 25. Rxf3 Rde4  0-1

[Event "2. Bundesliga Ost 2019/2020"]
[Site "alle Wien"]
[Date "2019.10.20"]
[Round "2"]
[Board "3"]
[White "Brod, Manfred"]
[Black "Weinzettl, Ernst"]
[Result "1/2-1/2"]
[WhiteElo "2217"]
[BlackElo "2175"]
[PlyCount "92"]
[EventDate "2019.10.19"]
[EventType "team"]
[EventRounds "11"]
[EventCountry "AUT"]
[WhiteTeam "ASVOE Mattersburg"]
[BlackTeam "ASVOE VHS Poechlarn"]

1. e4 e6 2. d4 d5 3. Nc3 Bb4 4. e5 c5 5. a3 Bxc3+ 6. bxc3 Ne7 7. Qg4 Qc7 8. Bd3
c4 9. Be2 Nf5 10. Qh3 Qa5 11. Bd2 Nc6 12. g4 Nfe7 13. f4 Bd7 14. Nf3 O-O-O 15.
Qg2 f6 16. O-O h5 17. h3 hxg4 18. hxg4 Ng6 19. Qg3 Rh7 20. Kg2 Rdh8 21. Rfd1
Nh4+ 22. Nxh4 Rxh4 23. exf6 gxf6 24. Bf3 Ne7 25. Rh1 Rxh1 26. Rxh1 Rxh1 27.
Kxh1 Qb6 28. Qe1 Qd6 29. Bc1 Ng6 30. Qg3 Ba4 31. Qh2 Ne7 32. Qh8+ Kd7 33. Qxf6
Bxc2 34. g5 Qb6 35. Qe5 Qb1 36. Qe1 Bf5 37. Kg2 Ng6 38. Kg3 b5 39. Qe3 a5 40.
Qe1 Qd3 41. Qe3 Qf1 42. Bg2 Qd1 43. Bf3 Qb3 44. Bg2 Qb1 45. Bf3 Qb3 46. Bg2 Qb1
 1/2-1/2

[Event "2. Bundesliga Ost 2019/2020"]
[Site "alle Wien"]
[Date "2019.10.20"]
[Round "2"]
[Board "4"]
[White "Ernst, Michael"]
[Black "Strodl, Joachim"]
[Result "1/2-1/2"]
[WhiteElo "2169"]
[BlackElo "2165"]
[PlyCount "121"]
[EventDate "2019.10.19"]
[EventType "team"]
[EventRounds "11"]
[EventCountry "AUT"]
[WhiteTeam "ASVOE VHS Poechlarn"]
[BlackTeam "ASVOE Mattersburg"]

1. d4 Nf6 2. Bf4 g6 3. Nf3 Bg7 4. h3 d6 5. e3 O-O 6. Be2 Nbd7 7. Bh2 Qe8 8. c4
e5 9. Nc3 c6 10. O-O Qe7 11. Rc1 Ne8 12. dxe5 dxe5 13. Qd2 f5 14. Rfd1 g5 15.
Ne1 Kh8 16. g4 f4 17. Ne4 Ndf6 18. Nxf6 Bxf6 19. c5 h5 20. f3 Be6 21. b3 Ng7
22. e4 Qc7 23. Kg2 Rfd8 24. Qc3 Bf7 25. Bg1 Ne6 26. Nc2 Kg7 27. Bf2 hxg4 28.
hxg4 Rxd1 29. Rxd1 Rd8 30. Rxd8 Qxd8 31. Qd3 Qa5 32. b4 Qxa2 33. Na3 Nd4 34.
Bxd4 exd4 35. Nc4 Bxc4 36. Qxc4 Qxc4 37. Bxc4 Be7 38. Kf2 Kf6 39. Ke2 Ke5 40.
Kd3 a5 41. bxa5 Bxc5 42. Kc2 Ba7 43. Bd3 Kd6 44. Kb3 Kc5 45. Ka4 Bb8 46. Kb3
Be5 47. a6 bxa6 48. Bxa6 d3 49. Bxd3 Kd4 50. Be2 c5 51. Kc2 Ke3 52. Bd1 c4 53.
Kc1 Bd6 54. Kc2 Be5 55. Kc1 Kd3 56. Bc2+ Kc3 57. Kd1 Bd6 58. e5 Bxe5 59. Be4
Bd6 60. Bf5 Kd4 61. Kc2  1/2-1/2

[Event "2. Bundesliga Ost 2019/2020"]
[Site "alle Wien"]
[Date "2019.10.20"]
[Round "2"]
[Board "5"]
[White "Salamon, Werner"]
[Black "Batyte, Daiva"]
[Result "1/2-1/2"]
[WhiteElo "2149"]
[BlackElo "2145"]
[PlyCount "63"]
[EventDate "2019.10.19"]
[EventType "team"]
[EventRounds "11"]
[EventCountry "AUT"]
[WhiteTeam "ASVOE Mattersburg"]
[BlackTeam "ASVOE VHS Poechlarn"]

1. e4 e6 2. d4 d5 3. exd5 exd5 4. Bd3 c5 5. Nf3 Nc6 6. c3 cxd4 7. Nxd4 Nxd4 8.
cxd4 Bd6 9. Nc3 Ne7 10. O-O O-O 11. Bg5 f6 12. Bh4 Bf5 13. Re1 Bxd3 14. Qxd3
Qd7 15. Bg3 Bb4 16. Re2 Bxc3 17. Qxc3 Nc6 18. Rae1 Rfe8 19. Qc5 Rxe2 20. Rxe2
Kf7 21. b4 b6 22. Qb5 Rd8 23. Qd3 Re8 24. Qxh7 Qg4 25. f3 Qxd4+ 26. Kf1 Qd1+
27. Re1 Rxe1+ 28. Bxe1 Nxb4 29. Qh5+ Kf8 30. Qh8+ Kf7 31. Qh5+ Kf8 32. Qh8+
 1/2-1/2

[Event "2. Bundesliga Ost 2019/2020"]
[Site "alle Wien"]
[Date "2019.10.20"]
[Round "2"]
[Board "6"]
[White "Mittermayr, Gerhard"]
[Black "Wiedner, Robert"]
[Result "0-1"]
[WhiteElo "2071"]
[BlackElo "2113"]
[PlyCount "121"]
[EventDate "2019.10.19"]
[EventType "team"]
[EventRounds "11"]
[EventCountry "AUT"]
[WhiteTeam "ASVOE VHS Poechlarn"]
[BlackTeam "ASVOE Mattersburg"]

1. e4 c5 2. Nf3 e6 3. d4 cxd4 4. Nxd4 Nf6 5. Nc3 d6 6. Be2 Nc6 7. Be3 Be7 8.
O-O Nxd4 9. Bxd4 a6 10. f4 O-O 11. Bf3 Nd7 12. a4 e5 13. Be3 exf4 14. Bxf4 Ne5
15. Nd5 Be6 16. b3 Rc8 17. Nxe7+ Qxe7 18. c4 Rfd8 19. Qd2 f6 20. Be3 Rc6 21. a5
Bf7 22. Bb6 Re8 23. Rad1 h6 24. Bd4 Bg6 25. Bc3 Qc7 26. Bb4 Re6 27. Kh1 Kh7 28.
Qd5 Qe7 29. Rd2 Nf7 30. Re2 Ng5 31. Rfe1 Re5 32. Qd3 b6 33. Bc3 Re6 34. h4 Nxf3
35. Qxf3 bxa5 36. h5 Bf7 37. Qf5+ Kh8 38. Qxa5 Qb7 39. Qa2 Bxh5 40. Re3 Bg6 41.
Bd4 Rc8 42. Qa5 Rxe4 43. Qd2 Rxe3 44. Rxe3 Kh7 45. Rg3 Re8 46. Qf4 Re1+ 47. Kh2
Qe7 48. Re3 Rxe3 49. Qxe3 Be4 50. b4 Qb7 51. Qe2 d5 52. b5 Qc7+ 53. g3 axb5 54.
cxb5 Qc1 55. Bg1 Qb1 56. b6 f5 57. Qe3 g5 58. Qd4 Kg6 59. Qc5 Kh5 60. Qe3 g4
61. Qf4  0-1

[Event "2. Bundesliga Ost 2019/2020"]
[Site "alle Wien"]
[Date "2019.10.20"]
[Round "2"]
[Board "1"]
[White "Vlcek, Stanislav"]
[Black "Mikes, Jan"]
[Result "0-1"]
[WhiteElo "2297"]
[BlackElo "2355"]
[PlyCount "106"]
[EventDate "2019.10.19"]
[EventType "team"]
[EventRounds "11"]
[EventCountry "AUT"]
[WhiteTeam "Amateure"]
[BlackTeam "SG Mistelbach/Altlichtenwarth"]

1. e4 c5 2. Nf3 Nc6 3. d4 cxd4 4. Nxd4 e5 5. Nb5 d6 6. c4 Be7 7. Bd3 a6 8. N5c3
Nf6 9. O-O O-O 10. Na3 Bg4 11. Be2 Bxe2 12. Qxe2 Nd4 13. Qd3 Nd7 14. Nc2 Nc5
15. Qd1 Nce6 16. Nxd4 exd4 17. Nd5 b5 18. cxb5 axb5 19. Re1 Bf6 20. Bd2 Nc5 21.
Bb4 Re8 22. f3 g6 23. Rc1 Rxa2 24. Bxc5 dxc5 25. Qb3 d3 26. Qxa2 d2 27. Nxf6+
Qxf6 28. Qb3 dxc1=Q 29. Rxc1 Qg5 30. Rd1 c4 31. Qc3 Rd8 32. Rxd8+ Qxd8 33. g4
Qb6+ 34. Kg2 Qc5 35. Qa5 g5 36. h4 gxh4 37. Kh3 Qd6 38. Kxh4 Qh2+ 39. Kg5 Qxb2
40. Qd8+ Kg7 41. Kf5 h6 42. g5 h5 43. Qe7 Qc3 44. Kf4 Qa1 45. Kf5 Qa6 46. Qe5+
Kh7 47. Kf4 Qc6 48. g6+ Qxg6 49. Qxb5 h4 50. Qxc4 h3 51. Qa2 Kh6 52. Ke3 Qg1+
53. Qf2 h2  0-1

[Event "2. Bundesliga Ost 2019/2020"]
[Site "alle Wien"]
[Date "2019.10.20"]
[Round "2"]
[Board "2"]
[White "Bures, Jaroslav"]
[Black "Bachofner, Andreas"]
[Result "1-0"]
[WhiteElo "2388"]
[BlackElo "2213"]
[PlyCount "117"]
[EventDate "2019.10.19"]
[EventType "team"]
[EventRounds "11"]
[EventCountry "AUT"]
[WhiteTeam "SG Mistelbach/Altlichtenwarth"]
[BlackTeam "Amateure"]

1. d4 e6 2. c4 f5 3. g3 Nf6 4. Bg2 d5 5. Nf3 c6 6. O-O Be7 7. Qc2 O-O 8. Rd1
Ne4 9. Ne5 Nd7 10. Bf4 Nxe5 11. Bxe5 Nd6 12. Nd2 Nf7 13. Bf4 g5 14. Be3 Bd6 15.
f3 Qf6 16. Bf2 f4 17. Nf1 dxc4 18. Qxc4 e5 19. Nd2 Be6 20. Qc3 Bd5 21. Nc4 Bc7
22. e4 fxe3 23. Bxe3 b5 24. dxe5 Nxe5 25. Nxe5 Bxe5 26. Bd4 Rae8 27. a4 a6 28.
axb5 axb5 29. Ra7 Bxd4+ 30. Rxd4 Re1+ 31. Kf2 Rfe8 32. Re4 R8xe4 33. Ra8+ Kg7
34. Qxf6+ Kxf6 35. fxe4 Bxe4 36. Kxe1 Bxg2 37. Kf2 Bd5 38. Ke3 h5 39. Rh8 Kg6
40. Kd4 b4 41. Ke5 g4 42. Kf4 Bf7 43. Rc8 Bd5 44. Rd8 Kf6 45. Rd6+ Ke7 46. Ke5
b3 47. Rh6 Bf3 48. Rh7+ Kd8 49. Kd6 Ke8 50. Rxh5 Kf7 51. Rf5+ Kg6 52. Rf4 Kg5
53. Kc5 Bg2 54. Kd4 Bh1 55. Ke5 Bd5 56. Rf5+ Kg6 57. Kf4 Be6 58. Rc5 Bd7 59.
Rc3  1-0

[Event "2. Bundesliga Ost 2019/2020"]
[Site "alle Wien"]
[Date "2019.10.20"]
[Round "2"]
[Board "3"]
[White "Kuntner, Reinhard"]
[Black "Groetz, Harald"]
[Result "0-1"]
[WhiteElo "2049"]
[BlackElo "2312"]
[PlyCount "52"]
[EventDate "2019.10.19"]
[EventType "team"]
[EventRounds "11"]
[EventCountry "AUT"]
[WhiteTeam "Amateure"]
[BlackTeam "SG Mistelbach/Altlichtenwarth"]

1. d4 Nf6 2. c4 g6 3. Nc3 Bg7 4. e4 d6 5. f3 O-O 6. Be3 Nc6 7. Nge2 a6 8. Qd2
Rb8 9. g4 b5 10. g5 Nd7 11. h4 Na5 12. cxb5 Nc4 13. Qc1 Nxe3 14. Qxe3 axb5 15.
h5 b4 16. hxg6 fxg6 17. Nf4 Nb6 18. Ncd5 Nxd5 19. exd5 Rf7 20. Ne6 Bxe6 21.
dxe6 Rf5 22. O-O-O c5 23. dxc5 Qa5 24. Kb1 Rxc5 25. Bd3 Ra8 26. a3 bxa3  0-1

[Event "2. Bundesliga Ost 2019/2020"]
[Site "alle Wien"]
[Date "2019.10.20"]
[Round "2"]
[Board "4"]
[White "Hofmann, Thomas"]
[Black "Bachofner, Christian"]
[Result "1-0"]
[WhiteElo "2228"]
[BlackElo "2030"]
[PlyCount "39"]
[EventDate "2019.10.19"]
[EventType "team"]
[EventRounds "11"]
[EventCountry "AUT"]
[WhiteTeam "SG Mistelbach/Altlichtenwarth"]
[BlackTeam "Amateure"]

1. d4 d5 2. c4 c6 3. Nc3 Nf6 4. cxd5 cxd5 5. f3 Nc6 6. e4 dxe4 7. d5 Ne5 8.
fxe4 e6 9. Nf3 Nxf3+ 10. Qxf3 exd5 11. Bb5+ Bd7 12. e5 Ne4 13. Rf1 f6 14. exf6
Nxf6 15. Qe2+ Qe7 16. Bxd7+ Kxd7 17. Be3 Re8 18. Rf3 d4 19. O-O-O Qb4 20. Rxd4+
 1-0

[Event "2. Bundesliga Ost 2019/2020"]
[Site "alle Wien"]
[Date "2019.10.20"]
[Round "2"]
[Board "5"]
[White "Lipp, Alfred"]
[Black "Vrana, Frantisek"]
[Result "1/2-1/2"]
[WhiteElo "2007"]
[BlackElo "2254"]
[PlyCount "55"]
[EventDate "2019.10.19"]
[EventType "team"]
[EventRounds "11"]
[EventCountry "AUT"]
[WhiteTeam "Amateure"]
[BlackTeam "SG Mistelbach/Altlichtenwarth"]

1. d4 f5 2. g3 Nf6 3. Bg2 g6 4. c4 Bg7 5. Nf3 d6 6. O-O O-O 7. Nc3 c6 8. Qc2
Na6 9. Bd2 Qe8 10. e4 e5 11. dxe5 dxe5 12. exf5 Bxf5 13. Qb3 Nc5 14. Qa3 Nfd7
15. Be3 Ne6 16. Rfe1 Qf7 17. Nd2 Nd4 18. Bxd4 exd4 19. Re7 Qxe7 20. Qxe7 dxc3
21. bxc3 Bxc3 22. Rd1 Rae8 23. Qg5 Bf6 24. Qh6 Bg7 25. Qh4 Bf6 26. Qh6 Bg7 27.
Qh4 Bf6 28. Qh6  1/2-1/2